Представление документа в формате RUSMARC

ПолеНазваниеЗначение
  Тип записи a
  Библиографический уровень m
001 Контрольный номер RU/SLIB/B/208778690
005 Дата корректировки 20251003164101.9
010 Индекс ISBN __
d Цена 30-00
101 Язык документа __
a Язык текста rus
c Язык оригинала rus
200 Заглавие и сведения об ответственности 1_
a Заглавие Ханты-Мансийский автономный округ - Югра, 1930-2005
f Первые сведения об ответственности [Правительство ХМАО, Ком. по внеш. связям]
b Общее обозначение материала Текст
210 Выходные данные __
a Место издания [Ханты-Мансийск]
c Издательство [б. и.]
d Дата издания [2005]
215 Физическое описание __
a Объем 30 с.
c Иллюстрации/тип воспроизводства фот.
300 Общие примечания __
a Общие примечания Дар
a Общие примечания К 75-летию округа
330 Аннотация __
a Аннотация Статистические данные о развитии экономики и социально-культурной сферы ХМАО.
606 Тематические рубрики __
a Основная рубрика География
z Хронологическая подрубрика 21 в.
y Географическая подрубрика Россия; Тюменская область; ХМАО-Югра; Ханты-Мансийский автономный округ - Югра
606 Тематические рубрики __
a Основная рубрика Краеведение
610 Ключевые слова __
a Ключевые слова экономика; социальная сфера; культура; ханты; торговля; внешняя торговля; бизнес; инвестиции; образование; статистические данные
686 Индексы других классификаций __
a Классификационный индекс К26.89(2Рос-6Хан)
801 Источник записи _0
a Страна RU
b Организация Муниципальное бюджетное учреждение культуры "Централизованная библиотечная система" г. Сургут (Центральная городская библиотека им. А. С. Пушкина)
g Правила каталогизации КиК/Котельникова
801 Источник записи _1
a Страна RU
b Организация Муниципальное бюджетное учреждение культуры "Централизованная библиотечная система" г. Сургут (Центральная городская библиотека им. А. С. Пушкина)
g Правила каталогизации КиК/Котельникова
852 Данные о местонахождении __
j Шифр хранения К26.89(2Рос-6Хан)
c Каталожный индекс К26.89(2Рос-4Тюм-6Хат)
i Авторский знак Х 19
p Инвентарный номер Б/Н
901 Тип документа __
t Тип документа m
903 Характеристики (МАРС) __
a Дата передачи 20051012
990 Данные о заказе (DOS) __
j Количество экземпляров (DOS) 1
h N записи в КСУ для Б/У (DOS) 200510